| 000 | 02036ncm0a2200433 4500 | ||
|---|---|---|---|
| 001 | RU\NLR\ONIZ\198220 | ||
| 005 | 20250624194733.0 | ||
| 021 |
_aRU _b06-408 _906-17 |
||
| 035 | _a(NLR Aleph) 010888842 | ||
| 071 | 2 | 0 | _a10998 |
| 090 |
_a10540754 _c10540754 |
||
| 100 | _a20140526d2006 |||y0rusy50 ca | ||
| 101 | 0 | _arus | |
| 102 | _aRU | ||
| 125 | _aax | ||
| 145 | 0 | _ab | |
| 200 | 1 |
_aТриптих Босха _bНоты _dBosch triptych _eдля 4 тромбонов, фп. и ударных _fЛ. З. Любовский _zeng |
|
| 208 | _aПартитура и голоса | ||
| 210 |
_aМосква _cКомпозитор _d2006 |
||
| 215 |
_a1 партит. (28 с.), 5 парт. (33 с. разд. паг.) _d29 см |
||
| 300 | _aПеред нот. текстом: Проф. Акад. им. Ф. Шопена в Варшаве Юлиусу Петраховичу | ||
| 327 | 1 |
_a1. Токката = Tokkata; _a2. Хорал = Chorale; _a3. Гимн = Himn |
|
| 464 | 0 |
_12001#$aТокката$dTokkata$zita _tТокката |
|
| 464 | 0 |
_12001#$aХорал$dChorale$zita _tХорал |
|
| 464 | 0 |
_12001#$aГимн$dHimn$zeng _tГимн |
|
| 604 |
_1700#1$aБосх$bИероним$f1450-1516 _150010$aТриптих$xМузыкальные интерпретации$bНоты$2nlr_sh _aБосх, Иероним (1450-1516) _tТриптих _xМузыкальные интерпретации |
||
| 606 | 1 |
_aАнсамбли тромбонов _yРоссия _z21 век _jНоты _2nlr_sh |
|
| 686 |
_aЩ952.142.5-054(2Р=Рус)Пг _vLBC/SL _2rubbk |
||
| 686 |
_aЩ952.742.5-8-054(2Р=Рус)Пг _vLBC/SL _2rubbk |
||
| 700 | 1 |
_9z01790 _aЛюбовский _bЛ. З. _f1937- _gЛеонид Зиновьевич _4230 |
|
| 790 | 1 |
_9z01700 _aLyubovskiy _bL. Z. _f1937- _gLeonid Zinov`yevich _4230 _7ba |
|
| 801 | 0 |
_aRU _bNLR _c20140526 _gPSBO |
|
| 801 | 1 |
_aRU _bNLR _c20140526 _2rusmarc |
|
| 801 | 2 |
_aRU _bNLR _c20190630 |
|
| 852 |
_aNLR _bМ _jК-3/24770 _pМОЭ 2006-17/408 _t1 |
||
| 942 | _cSCORE | ||
| 980 | _aNB | ||
| 980 | _aONIZ | ||